Quizzes
Events
Quiz Creation
Community
Videos
Private Events
Remove Ads
Sign In
Join for FREE
Feedback
Dark Mode
Quiz Categories
Sports
Geography
Music
Movies
Television
Just For Fun
Miscellaneous
History
Literature
Language
Science
Gaming
Entertainment
Religion
Holiday
For Kids
Quiz Lab
Recent
Popular Today
Quiz Kudos Today
Editor Picks
Curator Picks
Quizzes by...
Day
Popularity
Type
Ratings
Length
Year
Community
Subscriptions
Recent Discussions
Orange Saloon
Badges
Playlists
Quests
Create
Leaderboards
Showdown
Live 5
Trivia Bingo
Activity
Puzzle Library
Sporcle Events
Private Events
Virtual Trivia
Globe League
Become a Host
Pub Owners
SporcleCon
Opinionation
Our Games
Videos
Blog
Mobile Apps
Partnerships
Remove Ads and Go Orange
Feedback
Sports
Athletes
MLB
NBA
NHL
NFL
Soccer
Sports Teams
WWE
NCAA
Football
Premier League
Basketball
Baseball
Hockey
Golf
Tennis
Cricket
Rugby
Auto Racing
Olympics
World Cup
Sports
Athletes
MLB
NBA
NHL
NFL
Soccer
Sports Teams
WWE
NCAA
Football
Premier League
Basketball
Baseball
Hockey
Golf
Tennis
Cricket
Rugby
Auto Racing
Olympics
World Cup
Random Quiz
Search Sporcle
×
Quiz Lab
Quiz Lab
Sports
WWE
Type in answers that appear in a list
Type in answers that appear in a list
Classic
Best Score? Go Orange.
First WWF/WWE SmackDown! Match Of Each Year Stats
Can you name the first WWF/WWE SmackDown! match of each year?
By
Charuas
10m
60 Questions
169 Plays
169 Plays
169 Plays
Comments
Comments
Give Quiz Kudos
Give Quiz Kudos
-
- Ratings
hide this ad
Replay
Link that replays current quiz
Next Quiz
Link to next quiz in quiz playlist
You Got
0%
They Got
Avg Score
45%
Avg Friend Score
Upgrade to see
Score Distribution
Jump to the score distribution portion of the page
Score
0/60
Timer
10:00
0
Plays Today
Year
Wrestlers
% Correct
2011
Kane
87%
2019
Jeff Hardy
85.7%
2011
Edge
82.8%
2003
John Cena
81.1%
2004
Rey Mysterio
81.1%
2005
Rey Mysterio
81.1%
2006
Matt Hardy
80.5%
2007
Matt Hardy
80.5%
2010
Matt Hardy
80.5%
2001
Chris Jericho
79.9%
2005
Eddie Guerrero
78.1%
2000
The Big Show
75.1%
2001
Chris Benoit
74.6%
2014
Seth Rollins
73.4%
2018
Jey Uso
73.1%
2018
Jimmy Uso
73.1%
2014
Roman Reigns
72.2%
2017
Dolph Ziggler
68.6%
2014
Jimmy Uso
68%
2014
Jey Uso
68%
2002
Bubba Ray Dudley
66.9%
2002
D-Von Dudley
66.9%
2002
Spike Dudley
66.9%
2013
The Miz
66.3%
2008
Montel Vontavious Porter
63.9%
2012
Cody Rhodes
63.9%
2006
John Bradshaw Layfield
63.3%
2010
CM Punk
62.1%
2012
Booker T
61.5%
2018
Shelton Benjamin
61.5%
Year
Wrestlers
% Correct
2016
Alberto Del Rio
61.3%
2021
Big E
60.9%
2021
King Corbin
60.9%
2020
Bayley
57.6%
2020
Sasha Banks
57.6%
2018
Chad Gable
53.8%
2003
Rikishi
49.7%
2008
Finlay
49.7%
2009
Finlay
49.7%
2016
Kalisto
48.6%
2020
Alexa Bliss
48.5%
2000
X-Pac
47.3%
2017
Baron Corbin
47.1%
2009
The Great Khali
45%
2002
Tazz
43.8%
2004
Tajiri
42.6%
2020
Nikki Cross
42.4%
2015
Bray Wyatt
42%
2019
Samoa Joe
40.5%
1999
Val Venis
39.1%
2013
Heath Slater
37.9%
2020
Lacey Evans
36.4%
2009
Zack Ryder
36.1%
2015
Erick Rowan
34.9%
2020
Dana Brooke
33.3%
2009
Curt Hawkins
33.1%
1999
The Blue Blazer
30.8%
2007
Funaki
20.7%
2007
Jesse
16.6%
2007
Jake
8.3%
Quiz Playlist
Details
Report
Send in Message
Add To Playlist
Classic:
Type in answers that appear in a list
Last Updated: Feb 16, 2017
Quiz Scoreboard
CHALLENGE
Sign Up to Join the Scoreboard
Show All
Scores
Hide
Comments
May contain spoilers
Recently Published
One Thing in Common: World Cities II
by knightlancer
Geography
7m
Popular People in 1961
by mucciniale
History
6m
1-10 Letter E Words III
by El_Dandy
Language
2m
More to Explore
Quiz From the Vault
Featured Blog Post
Where Did the Easter Bunny Come From?
hide this ad
You Might Also Like...
Tags
WWE Quiz
first
Matching
Smackdown
WWF
Today's Top Quizzes in Sports
Browse Sports
hide this ad
Today's Top Quizzes in WWE
Browse WWE
Top Contributed Quizzes in Sports
1
Les meilleurs buteurs des matchs entre le PSG et l’OM
2
Les entraîneurs de l'OM et du PSG au 21e siècle
3
2022 World Cup Stars
4
FIFA Club World Cup Champions
5
Name the Premier League winners with different clubs
6
La finale Lions - Afrique du Sud 2021
7
Criteria MLB: Left Handed Sluggers
8
Players with Multiple 50 Home Run Seasons
9
MLB Players with Two .350 Batting Average Seasons
10
MLB Hall of Famer by Rings
Explore More
Trending Topics
Harry Potter
Crossword
NBA
Kpop
Anime
Marvel
Disney
NFL
Puzzle
Song
Pokémon
Soccer
WWE
The Office
Country
hide this ad
More By:
Charuas
Quiz
Plays
Rating
Category
Featured
Created
FIFA World Cup - Group Winners (98-22)
89,239
4.83
Sports
Apr 17, 2018
Who Eliminated Me?
63,084
4.41
Sports
Jan 22, 2016
Rainbow Six Siege Operators
54,325
4.96
Gaming
Dec 27, 2015
Who Eliminated Me? II
28,259
4.50
Sports
Feb 2, 2016
FIFA World Cup - Last Place in Each Group (98-22)
26,327
4.70
Sports
Apr 17, 2018
Go to Creator's Profile
Score Distribution
Quiz Creator Spotlight
Charuas
Follow
Send a Message
Quizzes Created
-
Created Quiz Play Count
-
More By This Creator
Popular Quizzes Today
1
Find the US States - No Outlines Minefield
2
The Countries of the World
3
Find the Countries of Europe - No Outlines Minefield
4
Popular People in 1961
5
1-10 Letter E Words III
6
Find the US States
7
One Thing in Common: World Cities II
8
US States
More Sports Quizzes
Premier League Players In The Snow
Quiz Lab
Trending Quizzes
Risky Map Clicking: Least Populous States A-Z
1-10 Letter F Words
1-10 Letter G Words
One Thing in Common: United Kingdom
Risky Map Clicking: Next State Alphabetically
Recently Updated
Leaping Animals
pecheneg
Reality TV Shows (A-Z)
bhenderson79
Rickey Henderson's Hall of Fame Teammates
pecheneg
Champions League XIs: Arsenal
pecheneg
Quick Pick: Celebrities in WWE's Hall of Fame
aduchscher
A-Z Keypad Blitz II
pecheneg
Multiple Oscar Actors
pecheneg
Mystery Phrase Blitz: Oscar 'Best Actors'
pecheneg
F. Scott Fitzgerald Novels
LTH
Pick 3 Villains
ddd62291
Trending Topics
Anime
Marvel
Disney
Harry Potter
Kpop
Crossword
NBA
Soccer
Pokémon
WWE
Song
Country
The Office
Puzzle
NFL
Your Account Isn't Verified!
In order to create a playlist on Sporcle, you need to verify the email address you used during registration. Go to your
Sporcle Settings
to finish the process.
Report this User
Report this user for behavior that violates our
Community Guidelines
.
Details:
Send Report
Go to the Sporcle.com Mobile Site →
Comments